Ahvenanmaan kunnat - Äkkikuolema - Statistics

Yleistilastot
  • Tätä visaa on pelattu 299 kertaa
  • Keskiarvotulos 13 / 16
Answers on the Grid
Answers color-coded by a green-red scale on the quiz's grid according to % correct below.
Bergö
Brändö
Eckerö
Finström
Föglö
Geta
Godby
Hammarland
Houtskari
Jomala
Kapellskär
Kastelholma
Kemiönsaari
Korppoo
Korsnäs
Kumlinge
Kustavi
Kökar
Lemland
Lumparland
Maarianhamina
Närpiö
Pedersören kunta
Raasepori
Saltvik
Sottunga
Sund
Sundom
Utö
Vårdö
 
Vastaustilastot
Vastaus % Oikein
Eckerö
95%
Brändö
90%
Föglö
89%
Geta
89%
Hammarland
89%
Jomala
87%
Finström
86%
Maarianhamina
83%
Lemland
81%
Kumlinge
79%
Kökar
78%
Lumparland
78%
Sottunga
77%
Sund
77%
Saltvik
76%
Vårdö
75%
Ehtoja vastaavia visoja ei löytynyt
Tulosjakauma
Jokaisen tuloksen saaneiden osuus
Persentiili vastausten määrän mukaan
Tuloshistoriasi
Et ole pelannut tätä visaa